000 004330000a22001690004500
003 MACL
005 20151231131853.0
008 151231b xxu||||| |||| 00| 0 eng d
040 _aMACL
_cMACL
041 _aEnglish
082 _a370/PAR
100 _aParikh, G D
_925628
245 _aGeneral Education and Indian University
260 _bAsian Publishers
_c1959
_aBombay
650 _aEducation
_925629
942 _cBK
_k370/Par
_2ddc
999 _c35013
_d35013